Código de Justicia Militar. Títulos de artículos, concordancias e índice de materias.
Αποθηκεύτηκε σε:
| Συγγραφή απο Οργανισμό/Αρχή: | |
|---|---|
| Άλλοι συγγραφείς: | |
| Μορφή: | Βιβλίο |
| Γλώσσα: | Ισπανικά |
| Έκδοση: |
Santiago, Chile:
Legal Publishing; Thomson Reuters,
2015
|
| Έκδοση: | Decimoquinta Edición. |
| Σειρά: | Colección de Códigos 2015
|
| Θέματα: | |
| Ετικέτες: |
Προσθήκη ετικέτας
Δεν υπάρχουν, Καταχωρήστε ετικέτα πρώτοι!
|
MARC
| LEADER | 00000cam a2200000 a 4500 | ||
|---|---|---|---|
| 001 | UCE8775 | ||
| 003 | CL-VaPUC | ||
| 005 | 20250131101844.0 | ||
| 008 | 150904e20150000cl |||||||||||||||||spa|d | ||
| 999 | |c 360549 |d 360547 | ||
| 020 | |a 9789563466355 | ||
| 040 | |c Pontificia Universidad Católica de Valparaíso | ||
| 082 | 0 | 7 | |a 343.8301026 CHI 2015 |2 21 |
| 110 | 1 | |a Chile |9 890760 | |
| 245 | 1 | 0 | |a Código de Justicia Militar. |b Títulos de artículos, concordancias e índice de materias. |
| 250 | |a Decimoquinta Edición. |b Actualizada al 5 de enero de 2015. | ||
| 260 | |a Santiago, Chile: |b Legal Publishing; |b Thomson Reuters, |c 2015 | ||
| 300 | |a 399 páginas. | ||
| 490 | 0 | |a Colección de Códigos 2015 | |
| 505 | |a -Decreto Aprobatorio N.º 2. 2226, de 1944. -Libro Primero. De los Tribunales Militares. -Libro Segundo. Del Procedimiento. -Libro Tercero. De la Penalidad. -Libro Cuarto. Otras Disposiciones. Apéndice: -Decreto Supremo N.º 87. Establece Territorio Jurisdiccional a Juzgados Militares y Fiscalías Militares Letradas Dependientes, crea Fiscalías Militares Letradas que indica y suprime. Fiscalía Militar Letrada de Puerto Montt (D.O. de 4 de septiembre de 2003). -Decreto Supremo N.º 890. Fija texto actualizado de la Ley N.º 12.927, sobre Seguridad del Estado. (D.O. de 26 de agosto de 1975). -Decreto Supremo N.º 400. Fija texto refundido, coordinado y sistematizado de la Ley N.º 17.798, sobre Control de Armas. (D.O. de 12 de septiembre de 1978) -Decreto Ley N.º 2.306. Dicta normas sobre reclutamiento y movilización de las Fuerzas Armadas. (D.O. de 12 de septiembre de 1978) -Decreto Supremo N.º 2.462 exento. Fija tasas de derechos a solicitudes y actuaciones de Decreto N.º 2.306, de 1978, sobre reclutamiento y movilización de las Fuerzas Armadas. (D.O. de 4 de noviembre de 2011) -Ley N.º 18.953. Dicta normas sobre movilización. (D.O. de 9 de marzo de 1990) -Decreto Ley N.º 2.191. Concede amnistía a las personas que indica por los delitos que señala (D. O .de 19 de abril de 1978) -Decreto Supremo N.º 1.445. Reglamento de Disciplina para las Fuerzas Armadas. -Decreto Supremo N.º 1.232. Reglamento de Disciplina de la Armada. -Ley N.º 18.961. Ley Orgánica Constitucional de Carabineros de Chile. (D.O. de 7 de marzo de 1990) -Decreto Supremo N.º 900. Reglamento de Disciplina de Carabineros de Chile, N.º 11. (D.O. de 17 de julio de 1967) -Ley N.º 18.948. Ley Orgánica Constitucional de las Fuerzas Armadas. (D.O. de 27 de febrero de 1990) -Ley N.º 20.357. Tipifica crímenes de lesa humanidad y genocidio y crímenes y delitos de guerra. (D.O. de 18 de julio de 2009) -Ley N.º 20.424. Estatuto Orgánico del Ministerio de Defensa Nacional (D.O. de 4 de febrero de 2010) -Ley N.º 20.477. Modifica Competencia de Tribunales Militares. (D.O. de 30 de diciembre de 2010) | ||
| 583 | |a last modification |c 20150904 11:50:00 |k Rodrigo Vera | ||
| 650 | 0 | |a Derecho militar |9 255065 | |
| 650 | 7 | |a Justicia militar |2 CL-VaPUC |9 581495 | |
| 650 | 7 | |a Tribunales militares |9 328495 | |
| 650 | 7 | |a Fuerzas Armadas |9 894465 | |
| 650 | 0 | |a Derecho penal militar |9 337951 | |
| 700 | |a Rivera Castro, Juan Francisco |e director |9 814194 | ||
| 942 | |c BK |2 ddc | ||
| 945 | |d 20150904 11:50:00 |a dcastane | ||
| 952 | |0 0 |1 0 |2 ddc |3 erb |4 0 |6 343_830102600000000_CHI_2015 |7 0 |8 R |9 470407 |a BIBDER |b BIBDER |i 519556K |l 1 |o 343.8301026 CHI 2015 |p 519556K |r 2023-01-25 |s 2022-04-08 |w 2019-11-23 |y BK_R |z Catalogado en:20150904 |k DER | ||